Teaching and learning middle grades mathematics / (Record no. 13109)

000 -LEADER
fixed length control field 01205cam a22003014a 4500
001 - CONTROL NUMBER
control field 13364117
003 - CONTROL NUMBER IDENTIFIER
control field OSt
005 - DATE AND TIME OF LATEST TRANSACTION
control field 20160810084145.0
008 - FIXED-LENGTH DATA ELEMENTS--GENERAL INFORMATION
fixed length control field 031006s2004 caua b 001 0 eng
010 ## - LIBRARY OF CONGRESS CONTROL NUMBER
LC control number 2003062039
020 ## - INTERNATIONAL STANDARD BOOK NUMBER
International Standard Book Number 1930190948 (soft cover)
040 ## - CATALOGING SOURCE
Original cataloging agency DLC
Transcribing agency DLC
Modifying agency DLC
042 ## - AUTHENTICATION CODE
Authentication code pcc
043 ## - GEOGRAPHIC AREA CODE
Geographic area code n-us---
050 00 - LIBRARY OF CONGRESS CALL NUMBER
Classification number QA13
Item number .R83 2003
082 00 - DEWEY DECIMAL CLASSIFICATION NUMBER
Classification number 510/.71/2
Edition number 22
100 1# - MAIN ENTRY--PERSONAL NAME
Personal name Rubenstein, Rheta N.
Fuller form of name (Rheta Norma),
Dates associated with a name 1947-
245 10 - TITLE STATEMENT
Title Teaching and learning middle grades mathematics /
Statement of responsibility, etc. Rheta N. Rubenstein, Charlene E. Beckmann, Denisse R. Thompson.
260 ## - PUBLICATION, DISTRIBUTION, ETC. (IMPRINT)
Place of publication, distribution, etc. Emeryville, CA :
Name of publisher, distributor, etc. Key College Pub.,
Date of publication, distribution, etc. c2004.
300 ## - PHYSICAL DESCRIPTION
Extent xxvi, 326 p. :
Other physical details ill. ;
Dimensions 28 cm. +
Accompanying material 1 CD-ROM (4 3/4 in.)
504 ## - BIBLIOGRAPHY, ETC. NOTE
Bibliography, etc Includes bibliographical references (p. 319-321) and index.
650 #0 - SUBJECT ADDED ENTRY--TOPICAL TERM
Topical term or geographic name as entry element Mathematics
General subdivision Study and teaching (Middle school)
Geographic subdivision United States.
700 1# - ADDED ENTRY--PERSONAL NAME
Personal name Beckmann, Charlene E.
700 1# - ADDED ENTRY--PERSONAL NAME
Personal name Thompson, Denisse R.
Fuller form of name (Denisse Rubilee),
Dates associated with a name 1954-
906 ## - LOCAL DATA ELEMENT F, LDF (RLIN)
a 7
b cbc
c orignew
d 1
e ocip
f 20
g y-gencatlg
942 ## - ADDED ENTRY ELEMENTS (KOHA)
Source of classification or shelving scheme
Koha item type Hard Covered Materials
Classification part QA 13 .R83 2003
Holdings
Withdrawn status Lost status Source of classification or shelving scheme Damaged status Not for loan Home library Current library Date acquired Source of acquisition Total Checkouts Full call number Barcode Date last seen Price effective from Koha item type
          MACHAKOS UNIVERSITY LIBRARY MACHAKOS UNIVERSITY LIBRARY 10/08/2016 Donation(BFA)   QA 13 .R83 2003 24599 10/08/2016 10/08/2016 Hard Covered Materials
© Machakos University Library, Along The Highway, Machakos Wote Rd, Machakos, Kenya P.O. Box 136 - 90100 Machakos - Kenya

Tel: ( +254 ) 723 805829 OR Fax : 044-20353 OR Email: library@mksu.ac.ke